LEADER 01083nam a2200277 i 4500 001 000000230726 003 CaOOAMICUS 005 20140617000000.0 008 140617s2003 it u000 u ita u 013 $a209628 020 $a88-420-0980-6 040 $aSeMil$bita 100 1 $aGhisalberti, Alessandro,$d<1940- >.$0(OLS)http://semarc/name/19692 245 10$aIntroduzione a Ockham /$cdi Alessandro Ghisalberti. 250 $a4. ed. 260 $aRoma ; Bari :$bLaterza,$c2003. 300 $a167 p. ;$c18 cm. 490 0 $aI filosofi ;$v27 600 04$aGuglielmo : di Ockham .$0(OLS)http://semarc/subject/2945 830 2$aI filosofi ;$v27.$0(OLS)http://semarc/title/6925 850 $aSeMil 852 $aSeMil$W1$xVenegono$y1$m2LA M 27$j262290$B181072$CSeMilBibl$Z2$F191857 $81 961 $aSottoscrizione: LI.CO.SA 996 $6020$a88-420-0980-6$9(OLS)http://semarc/number/233618 996 $6245$aIntroduzione a Ockham$9(OLS)http://semarc/title/329617 996 $6260$aRoma ; Bari :$bLaterza$9(OLS)http://semarc/publisher/30305 LEADER 01183nam a2200229 i 4500 001 000000191425 003 CaOOAMICUS 005 20161130000000.0 008 161130s1845 it u000 u ita u 013 $a169965 040 $aSeMil$bita 100 1 $aBruni, Magno.$0(OLS)http://semarc/name/69916 245 10$aRepertorio della legge sul bollo 27 gennaio 1840 stata attivata il primo novembre stesso anno e delle superiori declaratorie relative conosciutesi a tutto il 15 settembre 1845 ... /$ccompilato da Magno Bruni. 260 $aMilano :$bGiuseppe Chiusi,$c1845. 300 $aVIII, 309 p. ;$c26 cm. 650 4$aLombardo-Veneto <1815-1859> - Diritto e legislazione.$0(OLS)http://semarc/subject/1315 850 $aSeMil 852 $aSeMil$W1$xVenegono$y1$m3L V 67 FA$j142039$B142039$CSeMilBibl$Z2$F214620 $8I 941 1 $a10 961 $aRecupero: Mantegazza 996 $6245$aRepertorio della legge sul bollo 27 gennaio 1840 stata attivata il primo novembre stesso anno e delle superiori declaratorie relative conosciutesi a tutto il 15 settembre 1845 ...$9(OLS)http://semarc/title/275822 996 $6260$aMilano :$bGiuseppe Chiusi$9(OLS)http://semarc/publisher/34807